[Event "POL-chT2 U18"]
[Site "Augustow"]
[Date "1996.??.??"]
[Round "?"]
[White "Bak, Leszek"]
[Black "Kaminski, Krzysztof"]
[Result "1/2-1/2"]
[WhiteElo "2000"]
[BlackElo "2100"]
[PlyCount "60"]
[EventDate "1996.??.??"]
[EventType "team"]
[EventRounds "10"]
[EventCountry "POL"]
[SourceTitle "EXT 2003"]
[Source "ChessBase"]
[SourceDate "2002.11.25"]
[SourceVersion "1"]
[SourceVersionDate "2002.11.25"]
[SourceQuality "1"]

1. e4 e6 2. d3 d5 3. Nd2 Nf6 4. Ngf3 c5 5. Be2 Nc6 6. c3 Be7 7. 0-0 0-0 8. Re1 Qc7 9. Qc2 b6 10. Nf1 Ba6 11. Ng3 Rad8 12. e5 Nd7 13. Bf4 h6 14. Qd2 Kh7 15. h4 Qc8 16. Bd1 f6 17. exf6 Nxf6 18. d4 cxd4 19. Nxd4 Nxd4 20. cxd4 Bd6 21. Bc2+ Kg8 22. Be5 Bxe5 23. dxe5 Ne4 24. Bxe4 dxe4 25. Qe3 Rd3 26. Qxe4 Qc5 27. Nh1 Rd4 28. Qg6 Qd5 29. Rac1 Bd3 30. Qg3 Bf5 1/2-1/2

[Event "POL-chT2 U18"]
[Site "Augustow"]
[Date "1996.??.??"]
[Round "?"]
[White "Kaminski, Krzysztof"]
[Black "Izbinski, Bartlomiej"]
[Result "0-1"]
[WhiteElo "2000"]
[BlackElo "2215"]
[PlyCount "77"]
[EventDate "1996.??.??"]
[EventType "team"]
[EventRounds "10"]
[EventCountry "POL"]
[SourceTitle "EXT 2003"]
[Source "ChessBase"]
[SourceDate "2002.11.25"]
[SourceVersion "1"]
[SourceVersionDate "2002.11.25"]
[SourceQuality "1"]

1. c4 f5 2. Nc3 e6 3. g3 Nf6 4. Bg2 d5 5. d4 c6 6. Nf3 Bd6 7. 0-0 0-0 8. Bf4 Be7 9. e3 Ne4 10. Qc2 Nd7 11. Rad1 g5 12. Be5 g4 13. Ne1 Nxe5 14. dxe5 Qe8 15. Nd3 Qg6 16. Ne2 h5 17. c5 Bd7 18. b4 Kg7 19. Ndf4 Qh6 20. Nd4 Rh8 21. Bxe4 fxe4 22. a4 Kf7 23. b5 Qg5 24. Rb1 Rab8 25. Rb3 Qxe5 26. Rc1 Qc7 27. b6 axb6 28. cxb6 Qd6 29. Nde2 e5 30. Ng2 h4 31. Nxh4 Bxh4 32. gxh4 Rxh4 33. Ng3 Rbh8 34. Kf1 Rxh2 35. Ke1 Qf6 36. Qe2 Rg2 37. Rb2 Rhh2 38. Nf1 Rh1 39. Rd2 0-1

[Event "POL-chT2 U18"]
[Site "Augustow"]
[Date "1996.??.??"]
[Round "?"]
[White "Kucharski, Tomasz"]
[Black "Kaminski, Krzysztof"]
[Result "1/2-1/2"]
[WhiteElo "2135"]
[BlackElo "2100"]
[PlyCount "79"]
[EventDate "1996.??.??"]
[EventType "team"]
[EventRounds "10"]
[EventCountry "POL"]
[SourceTitle "EXT 2003"]
[Source "ChessBase"]
[SourceDate "2002.11.25"]
[SourceVersion "1"]
[SourceVersionDate "2002.11.25"]
[SourceQuality "1"]

1. e4 e6 2. d4 d5 3. e5 c5 4. c3 Nc6 5. Nf3 Bd7 6. dxc5 Bxc5 7. Bd3 Nge7 8. 0-0 Ng6 9. Qe2 Qc7 10. Re1 Rc8 11. h4 Nge7 12. b4 Bb6 13. Bd2 a6 14. Na3 Qb8 15. Rac1 Bc7 16. b5 axb5 17. Nxb5 Ng6 18. Nxc7+ Qxc7 19. c4 dxc4 20. Rxc4 Qb8 21. Rg4 h5 22. Rg3 Nce7 23. Rg5 Bc6 24. Nd4 Nxh4 25. Nxc6 bxc6 26. Rxh5 Rxh5 27. Qxh5 Nhg6 28. Qe2 Rd8 29. f4 Qb2 30. Be3 Qxe2 31. Bxe2 Nd5 32. Bf3 Nxe3 33. Bxc6+ Ke7 34. Rxe3 Nxf4 35. a4 Rd1+ 36. Kf2 Rc1 37. Be4 Ra1 38. Bc6 Rc1 39. Bb7 Rb1 40. Be4 1/2-1/2